| 000 | 00405pab a2200169 454500 | ||
|---|---|---|---|
| 008 | 180718b2012 xxu||||| |||| 00| 0 eng d | ||
| 100 | _aJha, Anil Kr. | ||
| 245 | _aWorking of police in India: Conflicting dimensions | ||
| 260 | _c2012 | ||
| 300 | _ap.115-122. | ||
| 362 | _aJul-Dec | ||
| 650 | _aPolice - India | ||
| 650 | _aPolice | ||
| 773 | _aReview of Politics | ||
| 908 | _aN | ||
| 909 | _a99029 | ||
| 999 |
_c99028 _d99028 |
||